000 01115nam a2200193 i 4500
001 768714001
003 CO-MdFUSB
005 20220722153150.0
008 220722t1984 ck |||| |||| 00| 0 spa d
040 _bspa
_cCO-MdFUSB
_dCO-MdFUSB
041 _aspa
100 _aGarcía Márquez, Gabriel
_d1927-2014
_eautor
245 _aCrónica de una muerte anunciada
_c/ Gabriel García Márquez
300 _aVolumen 7, (1984) páginas 587- 636 ;
_c22 cm
520 _aCrónica de una muerte anunciada es una novela corta de Gabriel García Márquez, publicada en 1981. Tomando elementos del realismo mágico y del relato policial, la novela cuenta la muerte de Santiago Nasar a manos de los hermanos Vicario. La obra está inspirada en un crimen real que tuvo lugar en Colombia. Desde la ficción, Gabriel García Márquez logra construir una crónica, que destaca por el uso original y creativo de recursos literarios y periodísticos.
650 7 _92518
_aLiteratura colombiana
773 0 _067924
_981146
_aOveja Negra,
_o24696
_tMaestros de la literatura universal
_w(CO-MdFUSB)768714001
_z8482806718
942 _cBK
999 _c67981
_d67981